| 000 | 02425cam a22005174i 4500 | ||
|---|---|---|---|
| 003 | PE-LiUPU | ||
| 005 | 20250731165603.0 | ||
| 008 | 150625s2006 sp r 000 0 spa d | ||
| 020 | _a848174980X | ||
| 020 | _a9788481749809 | ||
| 035 | _a(Sirsi) i9788481749809 | ||
| 040 |
_aPE-LiUPU _bspa _cPE-LiUPU _dPE-LiUPU _erda |
||
| 049 | _aPRUA | ||
| 082 | 0 | 4 |
_a616 _bB32 _221 |
| 100 | 1 |
_aBeers, Mark H., _eautor. |
|
| 245 | 1 | 3 |
_aEl manual Merck : _bde diagnóstico y tratamiento / _cMark H. Beers, editor-in-chief. |
| 250 | _a11a edición. | ||
| 264 | 1 |
_aMadrid : _bElsevier, _c2006. |
|
| 300 |
_a3204 páginas ; _c21 centímetros |
||
| 336 |
_atext _2rdacontent |
||
| 337 |
_aunmediated _2rdamedia |
||
| 338 |
_avolume _2rdacarrier |
||
| 505 | 0 | _aAlteraciones de la nutrición -- Enfermedades digestivas -- Enfermedades hepáticas y biliares -- Enfermedades musculo esqueléticas y del tejido conjuntivo -- Neumología -- Cuidados críticos -- Trastornos cardiovasculares -- Otorrinolaringología. Patología dental y oral -- Trastornos oculares -- Trastornos dermatológicos -- Hematología y oncología -- Enfermedades endocrinas y metabólicas -- Inmunología; enfermedades alérgicas -- Enfermedades infecciosas -- Trastornos psiquiátricos -- Trastornos neurológicos -- Trastornos genitourinarios -- Ginecología y obstetricia -- Pediatría -- Farmacología clínica -- Traumatismos: intoxicaciones -- Temas especiales. | |
| 526 | _aSEG44 | ||
| 526 | _aSEG26 | ||
| 526 | _aP151 | ||
| 526 | _aP150 | ||
| 526 | _aP149 | ||
| 526 | _aP146 | ||
| 526 | _aP145 | ||
| 526 | _aP126 | ||
| 526 | _aP125 | ||
| 526 | _aP92 | ||
| 526 | _aP75 | ||
| 526 | _aP74 | ||
| 526 | _aP27 | ||
| 526 | _aP15 | ||
| 541 | _g001-0002690; | ||
| 650 | 0 | 4 | _aMedicina clínica. |
| 910 |
_agl _bjv _clch _d20081126 |
||
| 942 |
_2ddc _cBOOK |
||
| 949 |
_aRC 616 B32 _wDEWEY _c1 _i58762 _lCCODEBUL1 _mBUL _p105.00 _r0 _sY _tBOOK _u2015-6-25 _xSALUD _PP22 _0COMPRA _o.CIRCNOTE. No olvidar cambiar la fecha de devolución!!!!!!! _o.STAFF. Colección Ciencias de la Salud |
||
| 994 |
_aC0 _bPEPRU |
||
| 596 | _a1 | ||
| 999 |
_aRC 616 B32 _wDEWEY _c47623 _i58762 _e2017-2-28 _f2021-11-4 _g4 _lCCODEBUL1 _mBUL _n1 _p105.00 _r0 _sY _tBOOK _u2015-6-25 _xSALUD _zP22 _0COMPRA _o.CIRCNOTE. El documento es de alto precio _o.STAFF. Colección Ciencias de la Salud _d47623 |
||
| 980 |
_81 _gALBERTO SANCHEZ Responsable de Automatización |
||